| 000 | 00000nam##2200000za#4500 |
| 001 | 9.679823 |
| 003 | CaOODSP |
| 005 | 20200330062259 |
| 007 | ta |
| 008 | 150407|1996||||xxc||||| f|0| 0 fre|d |
| 020 | |a0-662-81308-1 |
| 040 | |aCaOODSP|bfre |
| 043 | |an-cn--- |
| 086 | 1 |aH68-23/1996F |
| 110 | 1 |aCanada.|bSanté Canada. |bConsei national du bien-être social. |
| 245 | 10|aGuide des pensions : |brapport du Conseil national du bien-être social |
| 260 | |aOttawa - Ontario : |bSanté Canada. |c1996. |
| 300 | |a59p. : |bgraphiques, tableaux ; |c28 cm. |
| 500 | |aSommaire: Introduction.--Le premier palier: les programmes de sécurité de revenu.--Le deuxième palier: le Régime de pensions du Canada et le Régime de Rentes du Québec.--Le troisième palier: les régimes de retraite professionnels.--Troisième palier (suite): les régimes enregistrés d'épargne-retraite.--Conclusion.--Annexe A: Le système de revenus de retraite.--Annexe B: Allégements fiscaux pour let aînés.--Renvois. |
| 563 | |aCouverture souple |
| 590 | |a96-32|b1996-08-09 |
| 691 | 07|aPension|2gcpds |
| 775 | 08|tA pension primer : |w(CaOODSP)9.646257 |